Sociology: (Record no. 2913)
[ view plain ]
| 000 -LEADER | |
|---|---|
| fixed length control field | 00681nam a22001697a 4500 |
| 008 - FIXED-LENGTH DATA ELEMENTS--GENERAL INFORMATION | |
| fixed length control field | 140530b xxu||||| |||| 00| 0 eng d |
| 020 ## - INTERNATIONAL STANDARD BOOK NUMBER | |
| International Standard Book Number | 139781412961523 |
| 050 ## - LIBRARY OF CONGRESS CALL NUMBER | |
| Classification number | HM585.N48 |
| 100 ## - MAIN ENTRY--PERSONAL NAME | |
| Personal name | NEWMAN, David M. |
| 245 ## - TITLE STATEMENT | |
| Title | Sociology: |
| Remainder of title | exploring the architecture of everyday life. / |
| Statement of responsibility, etc. | David M.Newman. |
| 250 ## - EDITION STATEMENT | |
| Edition statement | 7th ed. |
| 260 ## - PUBLICATION, DISTRIBUTION, ETC. | |
| Place of publication, distribution, etc. | U.S.A; |
| Name of publisher, distributor, etc. | Pine forge press, |
| Date of publication, distribution, etc. | 2008. |
| 300 ## - PHYSICAL DESCRIPTION | |
| Extent | xxvii, 547 p. |
| Other physical details | ill. : |
| Dimensions | 26cm. |
| 500 ## - GENERAL NOTE | |
| General note | Includes glossary,index and reference |
| 505 ## - FORMATTED CONTENTS NOTE | |
| Formatted contents note | Contents: The individual and society -- The construction of self and society -- Social structure, institutions and everyday life -- References -- Photo credit -- Glossary/Index. |
| 942 ## - ADDED ENTRY ELEMENTS (KOHA) | |
| Source of classification or shelving scheme | Library of Congress Classification |
| Koha item type | Books |
| Withdrawn status | Lost status | Source of classification or shelving scheme | Damaged status | Not for loan | Home library | Current library | Shelving location | Date acquired | Total Checkouts | Full call number | Barcode | Date last seen | Copy number | Price effective from | Koha item type |
|---|---|---|---|---|---|---|---|---|---|---|---|---|---|---|---|
| Library of Congress Classification | WISCONSIN INTERNATIONAL UNIVERSITY COLLEGE, GHANA - MAIN LIBRARY | WISCONSIN INTERNATIONAL UNIVERSITY COLLEGE, GHANA - MAIN LIBRARY | Reference | 30/05/2014 | HM585.N48 | 7082/99/13 | 30/05/2014 | 1 | 30/05/2014 | Books | |||||
| Library of Congress Classification | WISCONSIN INTERNATIONAL UNIVERSITY COLLEGE, GHANA - MAIN LIBRARY | WISCONSIN INTERNATIONAL UNIVERSITY COLLEGE, GHANA - MAIN LIBRARY | Reference | 30/05/2014 | HM585.N481 | 7083/100/13 | 30/05/2014 | 2 | 30/05/2014 | Books | |||||
| Library of Congress Classification | WISCONSIN INTERNATIONAL UNIVERSITY COLLEGE, GHANA KUMASI LIBRARY | WISCONSIN INTERNATIONAL UNIVERSITY COLLEGE, GHANA KUMASI LIBRARY | nursing | 28/11/2019 | HM585.N481 | KSN/884/884/19 | 12/02/2020 | 2 | 28/11/2019 | Books | |||||
| Library of Congress Classification | WISCONSIN INTERNATIONAL UNIVERSITY COLLEGE, GHANA KUMASI LIBRARY | WISCONSIN INTERNATIONAL UNIVERSITY COLLEGE, GHANA KUMASI LIBRARY | nursing | 28/11/2019 | HM585.N48 | KSN/883/883/19 | 12/02/2020 | 1 | 28/11/2019 | Books |
